Biblioteca

Respuestas a las sectas protestantes (Registro nro. 71468)

Detalles MARC
000 -LÍDER
Campo fijo de descripción fija 01755nam a2200349 i 4500
001 - NÚMERO DE CONTROL
Campo de control 768714001
003 - IDENTIFICADOR DEL NÚMERO DE CONTROL
Campo de control CO-MdFUSB
005 - FECHA Y HORA DE LA ULTIMA TRANSACCIÓN
control field 20260407102812.0
007 - CAMPO FIJO DE DESCRIPCIÓN FIJA--INFORMACIÓN GENERAL
Campo fijo de descripción fija ta
008 - ELEMENTOS DE LONGITUD FIJA -- INFORMACIÓN GENERAL
Campo fijo de descripción fija -- Información general 250925t1980 ve |||g |||| 00| 0 spa d
040 ## - FUENTE DE CATALOGACIÓN
Agencia de catalogación original CO-MdFUSB
Idioma de catalogación spa
Agencia que realiza la transcripción CO-MdFUSB
Agencia que realiza la modificación CO-MdFUSBC
Convenciones de la descripción rda
041 ## - CÓDIGO DE IDIOMA
Código de idioma para texto/pista de sonido o título separado spa
082 ## - NÚMERO DE CLASIFICACIÓN DECIMAL DEWEY
Número de la edición del Dewey 23
Número de clasificación 239
Clave de autor-Numero de item M267
100 ## - ASIENTO PRINCIPAL--NOMBRE PERSONAL
Nombre personal Manzanares, José del Carmen,
Término relacionador autor
245 ## - TÍTULO
Título del Material Respuestas a las sectas protestantes
Mención de responsabilidad, etc. / José del C. Manzanares
250 ## - MENCIÓN DE EDICIÓN
Mención de edición quinta edición
264 #1 - PRODUCCIÓN, PUBLICACIÓN, DISTRIBUCIÓN, MANUFACTURA, Y COPYRIGHT
Lugar de producción, publicación, distribución, manufactura Caracas, Venezuela :
Nombre del productor, publicador, distribuidor Ediciones Paulinas,
Fecha de producción, publicación, distribución, manufactura, o copyright [1980]
264 #4 - PRODUCCIÓN, PUBLICACIÓN, DISTRIBUCIÓN, MANUFACTURA, Y COPYRIGHT
Fecha de producción, publicación, distribución, manufactura, o copyright ©1980
300 ## - DESCRIPCIÓN FÍSICA
Extensión 144 páginas
Dimensiones ; 14 cm
336 ## - TIPO DE CONTENIDO
Fuente rdacontent
Término de tipo de contenido texto
Código de tipo de contenido txt
337 ## - TIPO DE MEDIO
Fuente rdamedia
Nombre del tipo de medio sin mediación
Código del tipo de medio n
338 ## - TIPO DE SOPORTE
Fuente rdacarrier
Nombre del tipo de soporte volumen
Código Tipo de soporte nc
505 ## - NOTA DE CONTENIDO
Nota de contenido con formato preestablecido Regla de fe -- La justificación -- ¿Qué es el protestantismo? -- La Iglesia y el Papa -- La Iglesia católica es la única -- Apostólica -- La Virgen María -- Los santos -- Culto a las imágenes -- El purgatorio -- El bautismo de los niños -- La comunión, pan del alma -- La Santa Misa -- La confesión -- El sacerdocio -- Los Testigos de Jehová -- Sus fundadores -- Sus creencias -- Ideas de los Testigos de Jehová acerca del infierno y de la resurrección de los muertos -- Los Testigos de Jehová y la patria -- Otros errores de los Testigos de Jehová -- Adventismo del Séptimo Día (I) -- Adventismo del Séptimo Día (II) -- ¿Puede un cristiano ser mormón? -- Los pentecostales.
563 ## - NOTA DE ENCUADERNACIÓN
Nota de encuadernación rústico
653 ## - TÉRMINO DE INDIZACIÓN - NO CONTROLADO
Término no controlado Apologética cristiana
653 ## - TÉRMINO DE INDIZACIÓN - NO CONTROLADO
Término no controlado Protestantismo — Crítica e interpretación
653 ## - TÉRMINO DE INDIZACIÓN - NO CONTROLADO
Término no controlado Sectas — Crítica e interpretación
653 ## - TÉRMINO DE INDIZACIÓN - NO CONTROLADO
Término no controlado Iglesia católica — Doctrinas
942 ## - TIPO DE MATERIAL (KOHA)
Tipo de Item KOHA Libros General
945 ## - INFORMACIÓN LOCAL DEL REGISTRO
Catalogador Estudiante Juan Eusse
Existencias
Estado de Material Estado de Perdido Forma de Clasificación Estado de Dañado No para Préstamo Colección Biblioteca de Origen Biblioteca Permanente Fecha de Adquisición Área Total de Préstamos Signatura Topográfica Código de Barras Última vez visto Ejemplar/Existencia Fecha de Remplazo Tipo de Material
    Dewey Decimal Classification     Colección General Biblioteca FUSBC Biblioteca FUSBC 25/09/2025 TEOLOGÍA CRISTIANA   G 239 M267r 25805 25/09/2025 Ej. 1 25/09/2025 Libros General

Biblioteca FUSBC | Teléfono: (57+4) 349 88 10 Ext. 141| WhatsApp (+57) 3005338115 
E-mail: biblioteca@unisbc.edu.co | Calle 76 87-14 Robledo Palenque, Medellín, Colombia

Con tecnología Koha